000 00378nam a2200133 i 4500
001 bg
100 1 _aUMIŃSKI, Leopold
245 0 _aGłówne zagadnienia i kierunki marksistowskiej filozofii i teorii rozwoju społecznego /
_cLeopold Umiński.
260 _aCzęstochowa,
_c1975.
040 _cBPK
041 _apol
942 _cKS
008 s pl f |000 0 pol
999 _c15924
_d15924
856 _uhttp://koha.tu.koszalin.pl/cgi-bin/koha/opac-detail.pl?biblionumber=15924
_yKatalog online BPK